00173nam a2200073Ia 4500008004100000100001500041245002500056260001800081170817s9999 xx 000 0 und d aTandon.R.K 0aDictionary Of Botany bA. P. H. PUB.